Welcome to the Holygrace Academy Library

Please use search bar below to get started

ENGLISH FOR COLLEGES (Record no. 3935)

MARC details
000 -LEADER
fixed length control field 00273nam a22001217a 4500
082 ## - DEWEY DECIMAL CLASSIFICATION NUMBER
Classification number 425
Item number CAR/E
100 ## - MAIN ENTRY--AUTHOR NAME
Personal name CARROLL,BRENDAN. J
245 ## - TITLE STATEMENT
Title ENGLISH FOR COLLEGES
260 ## - PUBLICATION, DISTRIBUTION, ETC. (IMPRINT)
Place of publication MADRAS
Name of publisher MACMILLAN INDIA LIMITED
300 ## - PHYSICAL DESCRIPTION
Number of Pages 204
650 ## - SUBJECT ADDED ENTRY--TOPICAL TERM
Topical Term VOCABULARY
Geographic subdivision INDIA
942 ## - ADDED ENTRY ELEMENTS (KOHA)
Koha item type Books
Holdings
Withdrawn status Lost status Collection code Home library Current library Shelving location Date acquired Source of acquisition Full call number Accession Number Koha item type
    Reference Main Library Main Library SHELF-16D -ENGLISH GRAMMAR ,POEMS 10/10/2023 PURCHASE 425 CAR/E 00826 Books